15 principaux pays touchés par Covid-19 - 9 février 2022 - Statistiques

Statistiques générales
  • Ce quiz a été pris 41 fois
  • Le résultat moyen est 13 sur 28
Statistiques - réponses
pays % Correct
Etats-Unis
97%
France
97%
Espagne
90%
Italie
82%
Allemagne
77%
Portugal
77%
Russie
77%
Brésil
74%
Belgique
72%
Royaume-Uni
67%
Inde
64%
Argentine
59%
Pologne
54%
Suisse
51%
Pays-Bas
46%
Pays-Bas
46%
Danemark
38%
Turquie
33%
Colombie
26%
Iran
18%
Croatie
15%
Slovénie
15%
Tchèquie
15%
Israël
10%
Estonie
8%
Lettonie
8%
Lituanie
8%
Géorgie
3%
Aucun quiz correspondant
Distribution des résultats
% des personnes avec chaque résultat
Percentile par nombre de réponses
Votre historique - résultats
Vous n’avez pas pris ce quiz